000 00391nam a2200133Ia 4500
008 151021s9999 xx 000 0 und d
020 _a9966287183
050 _aHF5667.N 2008
245 _a_Auditing and Investigation simplified N.A. Saleemi
260 _aNairobi Saleemi ltd. 2008
300 _a483p.
650 _a_Auditing concepts and procedure
980 _a^d20110126 03:59:00^oanne
999 _c6473
_d6473